<?xml version="1.0" encoding="UTF-8"?>
<record
    xmlns:xsi="http://www.w3.org/2001/XMLSchema-instance"
    xsi:schemaLocation="http://www.loc.gov/MARC21/slim http://www.loc.gov/standards/marcxml/schema/MARC21slim.xsd"
    xmlns="http://www.loc.gov/MARC21/slim">

  <leader>00683nam a2200217   4500</leader>
  <controlfield tag="005">20260330141256.0</controlfield>
  <controlfield tag="008">260330b        |||||||| |||| 00| 0 eng d</controlfield>
  <datafield tag="020" ind1=" " ind2=" ">
    <subfield code="a">978-81-312-6923-7</subfield>
  </datafield>
  <datafield tag="041" ind1=" " ind2=" ">
    <subfield code="a">English</subfield>
  </datafield>
  <datafield tag="082" ind1=" " ind2=" ">
    <subfield code="2">5th.ed (SAE)</subfield>
    <subfield code="a">MS 610.73677 CHI 12903</subfield>
  </datafield>
  <datafield tag="100" ind1=" " ind2=" ">
    <subfield code="a">Chintamani</subfield>
    <subfield code="9">217438</subfield>
  </datafield>
  <datafield tag="245" ind1=" " ind2=" ">
    <subfield code="a">Lewis Adult Health Nursing I with Integrated Pathophysiology Vol.1</subfield>
  </datafield>
  <datafield tag="250" ind1=" " ind2=" ">
    <subfield code="a">5th ed. (SAE)</subfield>
  </datafield>
  <datafield tag="260" ind1=" " ind2=" ">
    <subfield code="a">New Delhi</subfield>
    <subfield code="b">Elsevier</subfield>
    <subfield code="c">2025</subfield>
  </datafield>
  <datafield tag="300" ind1=" " ind2=" ">
    <subfield code="a">xxviii,1342p.A19p</subfield>
    <subfield code="b">pb</subfield>
    <subfield code="c">27.5x21cm</subfield>
  </datafield>
  <datafield tag="365" ind1=" " ind2=" ">
    <subfield code="a">Rupaye</subfield>
    <subfield code="b">1487.5</subfield>
    <subfield code="c">INR</subfield>
  </datafield>
  <datafield tag="500" ind1=" " ind2=" ">
    <subfield code="a">Medical Surgical Nursing</subfield>
  </datafield>
  <datafield tag="650" ind1=" " ind2=" ">
    <subfield code="a">Medical Surgical Nursing</subfield>
    <subfield code="9">217439</subfield>
  </datafield>
  <datafield tag="651" ind1=" " ind2=" ">
    <subfield code="a">Medical Surgical Nursing</subfield>
    <subfield code="9">217440</subfield>
  </datafield>
  <datafield tag="942" ind1=" " ind2=" ">
    <subfield code="c">BB</subfield>
  </datafield>
  <datafield tag="999" ind1=" " ind2=" ">
    <subfield code="c">370811</subfield>
    <subfield code="d">370811</subfield>
  </datafield>
  <datafield tag="952" ind1=" " ind2=" ">
    <subfield code="0">0</subfield>
    <subfield code="1">0</subfield>
    <subfield code="2">ddc</subfield>
    <subfield code="4">0</subfield>
    <subfield code="7">0</subfield>
    <subfield code="a">BTIN</subfield>
    <subfield code="b">BTIN</subfield>
    <subfield code="d">2026-03-25</subfield>
    <subfield code="e">Sai Book Collection</subfield>
    <subfield code="g">966.87</subfield>
    <subfield code="i">SB/IN/2193</subfield>
    <subfield code="l">0</subfield>
    <subfield code="o">MS 610.73677 CHI 12903</subfield>
    <subfield code="p">BTIN-BK-12903</subfield>
    <subfield code="r">2026-03-30 13:00:41</subfield>
    <subfield code="t">35%</subfield>
    <subfield code="v">1487.50</subfield>
    <subfield code="w">2026-03-20</subfield>
    <subfield code="y">BB</subfield>
    <subfield code="z">BTIN-BK-12903</subfield>
  </datafield>
  <datafield tag="952" ind1=" " ind2=" ">
    <subfield code="0">0</subfield>
    <subfield code="1">0</subfield>
    <subfield code="2">ddc</subfield>
    <subfield code="4">0</subfield>
    <subfield code="7">0</subfield>
    <subfield code="a">BTIN</subfield>
    <subfield code="b">BTIN</subfield>
    <subfield code="d">2026-03-25</subfield>
    <subfield code="e">Sai Book Collection</subfield>
    <subfield code="g">966.87</subfield>
    <subfield code="i">SB/IN/2193</subfield>
    <subfield code="l">0</subfield>
    <subfield code="o">MS 610.73677 CHI 12904</subfield>
    <subfield code="p">BTIN-BK-12904</subfield>
    <subfield code="r">2026-03-30 13:00:00</subfield>
    <subfield code="t">35%</subfield>
    <subfield code="v">1487.50</subfield>
    <subfield code="w">2026-03-20</subfield>
    <subfield code="y">BB</subfield>
    <subfield code="z">BTIN-BK-12904</subfield>
  </datafield>
  <datafield tag="952" ind1=" " ind2=" ">
    <subfield code="0">0</subfield>
    <subfield code="1">0</subfield>
    <subfield code="2">ddc</subfield>
    <subfield code="4">0</subfield>
    <subfield code="7">0</subfield>
    <subfield code="a">BTIN</subfield>
    <subfield code="b">BTIN</subfield>
    <subfield code="d">2026-03-25</subfield>
    <subfield code="e">Sai Book Collection</subfield>
    <subfield code="g">966.87</subfield>
    <subfield code="i">SB/IN/2193</subfield>
    <subfield code="l">0</subfield>
    <subfield code="o">MS 610.73677 CHI 12905</subfield>
    <subfield code="p">BTIN-BK-12905</subfield>
    <subfield code="r">2026-03-30 13:00:00</subfield>
    <subfield code="t">35%</subfield>
    <subfield code="v">1487.50</subfield>
    <subfield code="w">2026-03-20</subfield>
    <subfield code="y">BB</subfield>
    <subfield code="z">BTIN-BK-12905</subfield>
  </datafield>
  <datafield tag="952" ind1=" " ind2=" ">
    <subfield code="0">0</subfield>
    <subfield code="1">0</subfield>
    <subfield code="2">ddc</subfield>
    <subfield code="4">0</subfield>
    <subfield code="7">0</subfield>
    <subfield code="a">BTIN</subfield>
    <subfield code="b">BTIN</subfield>
    <subfield code="d">2026-03-25</subfield>
    <subfield code="e">Sai Book Collection</subfield>
    <subfield code="g">966.87</subfield>
    <subfield code="i">SB/IN/2193</subfield>
    <subfield code="l">0</subfield>
    <subfield code="o">MS 610.73677 CHI 12906</subfield>
    <subfield code="p">BTIN-BK-12906</subfield>
    <subfield code="r">2026-03-30 13:00:00</subfield>
    <subfield code="t">35%</subfield>
    <subfield code="v">1487.50</subfield>
    <subfield code="w">2026-03-20</subfield>
    <subfield code="y">BB</subfield>
    <subfield code="z">BTIN-BK-12906</subfield>
  </datafield>
  <datafield tag="952" ind1=" " ind2=" ">
    <subfield code="0">0</subfield>
    <subfield code="1">0</subfield>
    <subfield code="2">ddc</subfield>
    <subfield code="4">0</subfield>
    <subfield code="7">0</subfield>
    <subfield code="a">BTIN</subfield>
    <subfield code="b">BTIN</subfield>
    <subfield code="d">2026-03-25</subfield>
    <subfield code="e">Sai Book Collection</subfield>
    <subfield code="g">966.87</subfield>
    <subfield code="i">SB/IN/2193</subfield>
    <subfield code="l">0</subfield>
    <subfield code="o">MS 610.73677 CHI 12907</subfield>
    <subfield code="p">BTIN-BK-12907</subfield>
    <subfield code="r">2026-03-30 13:00:00</subfield>
    <subfield code="t">35%</subfield>
    <subfield code="v">1487.50</subfield>
    <subfield code="w">2026-03-20</subfield>
    <subfield code="y">BB</subfield>
    <subfield code="z">BTIN-BK-12907</subfield>
  </datafield>
  <datafield tag="952" ind1=" " ind2=" ">
    <subfield code="0">0</subfield>
    <subfield code="1">0</subfield>
    <subfield code="2">ddc</subfield>
    <subfield code="4">0</subfield>
    <subfield code="7">0</subfield>
    <subfield code="a">BTIN</subfield>
    <subfield code="b">BTIN</subfield>
    <subfield code="d">2026-03-25</subfield>
    <subfield code="e">Sai Book Collection</subfield>
    <subfield code="g">966.87</subfield>
    <subfield code="i">SB/IN/2193</subfield>
    <subfield code="l">0</subfield>
    <subfield code="o">MS 610.73677 CHI 12908</subfield>
    <subfield code="p">BTIN-BK-12908</subfield>
    <subfield code="r">2026-03-30 13:00:00</subfield>
    <subfield code="t">35%</subfield>
    <subfield code="v">1487.50</subfield>
    <subfield code="w">2026-03-20</subfield>
    <subfield code="y">BB</subfield>
    <subfield code="z">BTIN-BK-12908</subfield>
  </datafield>
  <datafield tag="952" ind1=" " ind2=" ">
    <subfield code="0">0</subfield>
    <subfield code="1">0</subfield>
    <subfield code="2">ddc</subfield>
    <subfield code="4">0</subfield>
    <subfield code="7">0</subfield>
    <subfield code="a">BTIN</subfield>
    <subfield code="b">BTIN</subfield>
    <subfield code="d">2026-03-25</subfield>
    <subfield code="e">Sai Book Collection</subfield>
    <subfield code="g">966.87</subfield>
    <subfield code="i">SB/IN/2193</subfield>
    <subfield code="l">0</subfield>
    <subfield code="o">MS 610.73677 CHI 12909</subfield>
    <subfield code="p">BTIN-BK-12909</subfield>
    <subfield code="r">2026-03-30 13:00:00</subfield>
    <subfield code="t">35%</subfield>
    <subfield code="v">1487.50</subfield>
    <subfield code="w">2026-03-20</subfield>
    <subfield code="y">BB</subfield>
    <subfield code="z">BTIN-BK-12909</subfield>
  </datafield>
  <datafield tag="952" ind1=" " ind2=" ">
    <subfield code="0">0</subfield>
    <subfield code="1">0</subfield>
    <subfield code="2">ddc</subfield>
    <subfield code="4">0</subfield>
    <subfield code="7">0</subfield>
    <subfield code="a">BTIN</subfield>
    <subfield code="b">BTIN</subfield>
    <subfield code="d">2026-03-25</subfield>
    <subfield code="e">Sai Book Collection</subfield>
    <subfield code="g">966.87</subfield>
    <subfield code="i">SB/IN/2193</subfield>
    <subfield code="l">0</subfield>
    <subfield code="o">MS 610.73677 CHI 12910</subfield>
    <subfield code="p">BTIN-BK-12910</subfield>
    <subfield code="r">2026-03-30 13:00:00</subfield>
    <subfield code="t">35%</subfield>
    <subfield code="v">1487.50</subfield>
    <subfield code="w">2026-03-20</subfield>
    <subfield code="y">BB</subfield>
    <subfield code="z">BTIN-BK-12910</subfield>
  </datafield>
  <datafield tag="952" ind1=" " ind2=" ">
    <subfield code="0">0</subfield>
    <subfield code="1">0</subfield>
    <subfield code="2">ddc</subfield>
    <subfield code="4">0</subfield>
    <subfield code="7">0</subfield>
    <subfield code="a">BTIN</subfield>
    <subfield code="b">BTIN</subfield>
    <subfield code="d">2026-03-25</subfield>
    <subfield code="e">Sai Book Collection</subfield>
    <subfield code="g">966.87</subfield>
    <subfield code="i">SB/IN/2193</subfield>
    <subfield code="l">0</subfield>
    <subfield code="o">MS 610.73677 CHI 12911</subfield>
    <subfield code="p">BTIN-BK-12911</subfield>
    <subfield code="r">2026-03-30 13:00:00</subfield>
    <subfield code="t">35%</subfield>
    <subfield code="v">1487.50</subfield>
    <subfield code="w">2026-03-20</subfield>
    <subfield code="y">BB</subfield>
    <subfield code="z">BTIN-BK-12911</subfield>
  </datafield>
  <datafield tag="952" ind1=" " ind2=" ">
    <subfield code="0">0</subfield>
    <subfield code="1">0</subfield>
    <subfield code="2">ddc</subfield>
    <subfield code="4">0</subfield>
    <subfield code="7">0</subfield>
    <subfield code="a">BTIN</subfield>
    <subfield code="b">BTIN</subfield>
    <subfield code="d">2026-03-25</subfield>
    <subfield code="e">Sai Book Collection</subfield>
    <subfield code="g">966.87</subfield>
    <subfield code="i">SB/IN/2193</subfield>
    <subfield code="l">0</subfield>
    <subfield code="o">MS 610.73677 CHI 12912</subfield>
    <subfield code="p">BTIN-BK-12912</subfield>
    <subfield code="r">2026-03-30 13:00:00</subfield>
    <subfield code="t">35%</subfield>
    <subfield code="v">1487.50</subfield>
    <subfield code="w">2026-03-20</subfield>
    <subfield code="y">BB</subfield>
    <subfield code="z">BTIN-BK-12912</subfield>
  </datafield>
</record>
